[Event "FSV-ch 2015"]
[Site "Dortmund"]
[Date "2015.03.19"]
[Round "1.1"]
[White "Zelt, Jens"]
[Black "Link, Werner"]
[Result "1-0"]
[WhiteElo "1998"]
[BlackElo "1482"]
[PlyCount "21"]
[EventDate "2015.??.??"]
[WhiteTeam "HNS"]
[BlackTeam "FSV"]

1. d4 d5 2. Nf3 Nf6 3. Bf4 e6 4. c3 Be7 5. e3 Nc6 6. Nbd2 b6 7. Qa4 Bb7 8. Bb5
Qd7 9. Ne5 Qd8 10. Nxc6 O-O 11. Nxd8 1-0

[Event "FSV-ch 2015"]
[Site "Dortmund"]
[Date "2015.03.19"]
[Round "1.2"]
[White "Reinacher, Detlev"]
[Black "Lauche, Christoph"]
[Result "0-1"]
[WhiteElo "1480"]
[BlackElo "1913"]
[Annotator "Schulenburg,Pit"]
[PlyCount "64"]
[EventDate "2015.??.??"]
[WhiteTeam "HNS"]
[BlackTeam "FSV"]

1. e4 c5 2. d3 Nc6 3. g3 e6 4. Bg2 d5 5. Nd2 Nf6 6. Ngf3 Be7 7. O-O O-O 8. Re1
Qc7 9. e5 Nd7 10. Qe2 f6 11. exf6 Nxf6 12. Nf1 Bd6 13. Bh3 e5 14. Bxc8 Raxc8
15. c3 Rce8 16. Qc2 e4 17. dxe4 Nxe4 18. N1d2 Nxd2 19. Bxd2 Rxe1+ 20. Nxe1 Qf7
21. f4 g5 22. Ng2 Ne5 23. Rf1 g4 24. Nh4 Be7 25. Qd1 Bxh4 26. fxe5 Qxf1+ 27.
Qxf1 Rxf1+ 28. Kxf1 Bd8 29. Bf4 Kf7 30. Ke2 Ke6 31. Kd3 {(=)} c4+ 32. Kd4 Bb6#
0-1

[Event "FSV-ch 2015"]
[Site "Dortmund"]
[Date "2015.03.19"]
[Round "1.3"]
[White "Grube, Jörg"]
[Black "Zabel, Reinhard"]
[Result "1-0"]
[WhiteElo "1896"]
[BlackElo "1509"]
[PlyCount "71"]
[EventDate "2015.??.??"]
[WhiteTeam "FSV"]
[BlackTeam "DBB"]

1. e4 e5 2. Nf3 Nf6 3. Nxe5 d6 4. Nxf7 Kxf7 5. d4 Be7 6. Bc4+ Be6 7. d5 Bg4 8.
f3 Bh5 9. Nc3 Nfd7 10. O-O Ne5 11. Bb3 Rf8 12. g4 Qd7 13. gxh5 Qh3 14. Ba4 Kg8
15. f4 Ng4 16. Qe2 Qxh5 17. Bd2 c6 18. dxc6 Nxc6 19. Bb3+ Kh8 20. Be6 Qc5+ 21.
Kh1 Nf6 22. Qe3 Nd4 23. Bb3 Nxb3 24. axb3 Qxe3 25. Bxe3 a6 26. Rae1 Nd7 27. Nd5
Bf6 28. c3 Rac8 29. b4 Rfe8 30. Ba7 Rc4 31. Nxf6 Nxf6 32. e5 dxe5 33. fxe5 Ng8
34. Rf7 Re7 35. Rxe7 Nxe7 36. Bc5 1-0

[Event "FSV-ch 2015"]
[Site "Dortmund"]
[Date "2015.03.19"]
[Round "1.4"]
[White "Benke, Werner"]
[Black "Melmer, Felix"]
[Result "1-0"]
[WhiteElo "1405"]
[BlackElo "1901"]
[PlyCount "69"]
[EventDate "2015.??.??"]
[WhiteTeam "HNS"]
[BlackTeam "61117"]

1. d4 f5 2. Nc3 d5 3. f4 Nf6 4. Nf3 e6 5. e3 c5 6. Bb5+ Bd7 7. Qe2 a6 8. Bxd7+
Nbxd7 9. a4 Bd6 10. Ne5 O-O 11. O-O Ne4 12. Nxe4 fxe4 13. c3 Bxe5 14. dxe5 c4
15. Qg4 Qb6 16. a5 Qc6 17. Bd2 Nc5 18. Be1 Qb5 19. Bh4 Rae8 20. Qe2 Nb3 21.
Rad1 Nxa5 22. h3 Nb3 23. g4 Qd7 24. Qxc4 Na5 25. Qxe4 Qb5 26. Qd3 Qxb2 27. f5
Qb6 28. fxe6 Rxe6 29. Rxf8+ Kxf8 30. Qxd5 Qxe3+ 31. Bf2 Qxe5 32. Qd8+ Re8 33.
Qd3 Qe4 34. Qd6+ Qe7 35. Qd5 1-0

[Event "FSV-ch 2015"]
[Site "Dortmund"]
[Date "2015.03.19"]
[Round "1.5"]
[White "Begna, Bozidar"]
[Black "Tautz, Eugen"]
[Result "1-0"]
[WhiteElo "1903"]
[BlackElo "1415"]
[PlyCount "65"]
[EventDate "2015.??.??"]
[WhiteTeam "HNS"]
[BlackTeam "FSV"]

1. e4 e5 2. Nf3 Nc6 3. Bb5 d6 4. d4 Bd7 5. d5 Nce7 6. Bxd7+ Qxd7 7. O-O Ng6 8.
Be3 Nf6 9. Nc3 Be7 10. Qd3 a6 11. Ne2 Nh5 12. c4 b6 13. b4 O-O 14. h3 Nh4 15.
Nxh4 Bxh4 16. c5 bxc5 17. bxc5 Be7 18. c6 Qd8 19. Rab1 Qc8 20. Rb7 h6 21. Rfb1
Kh7 22. Ba7 g6 23. Rb8 Rxb8 24. Rxb8 Qxb8 25. Bxb8 Rxb8 26. Qxa6 Rf8 27. Qd3
Ra8 28. Qc2 Kg7 29. g3 Nf6 30. a4 h5 31. Nc3 g5 32. Qb3 Ne8 33. Qb5 1-0

[Event "FSV-ch 2015"]
[Site "Dortmund"]
[Date "2015.03.19"]
[Round "1.6"]
[White "Röll, Uwe"]
[Black "Zachos, Ingo"]
[Result "0-1"]
[WhiteElo "1377"]
[BlackElo "1900"]
[PlyCount "103"]
[EventDate "2015.??.??"]
[WhiteTeam "FSV"]
[BlackTeam "EIC"]

1. d4 c5 2. d5 g6 3. e4 Bg7 4. Nc3 d6 5. Bb5+ Nd7 6. Bxd7+ Bxd7 7. Nf3 b5 8. a3
a5 9. Ne2 Nf6 10. Ng3 O-O 11. O-O b4 12. axb4 axb4 13. Be3 Ng4 14. Rxa8 Qxa8
15. Qa1 Nxe3 16. fxe3 Qxa1 17. Rxa1 Bxb2 18. Ra7 Rd8 19. h3 Kf8 20. Kf2 h6 21.
Nd2 Bb5 22. Ne2 Rb8 23. g4 Bf6 24. Kf3 Ke8 25. Kf2 Bh4+ 26. Kf3 Be1 27. Nb3 Bh4
28. Nf4 Bf6 29. Ne2 Bg5 30. Nf4 Bh4 31. Ne2 Bf6 32. Nf4 Kf8 33. Ne2 Rc8 34. Nf4
Rb8 35. Ne2 Rb6 36. Ra8+ Kg7 37. Nf4 Ra6 38. Rxa6 Bxa6 39. Ne2 Kf8 40. Kf2 Ke8
41. Ke1 Kd8 42. Kd2 Kc7 43. Nec1 Bf1 44. Na5 Bc3+ 45. Kd1 Bxh3 46. g5 Bg4+ 47.
Ne2 hxg5 48. Nc6 Kd7 49. Nb8+ Ke8 50. Nc6 Bf3 51. Na5 g4 52. Nc4 0-1

[Event "FSV-ch 2015"]
[Site "Dortmund"]
[Date "2015.03.19"]
[Round "1.7"]
[White "Brendemühl, Bernd"]
[Black "Jentzsch, Werner W"]
[Result "1-0"]
[WhiteElo "1844"]
[BlackElo "1323"]
[PlyCount "77"]
[EventDate "2015.??.??"]
[WhiteTeam "FSV"]
[BlackTeam "BRK"]

1. e4 c5 2. Nf3 Nc6 3. d4 cxd4 4. Nxd4 Nxd4 5. Qxd4 e6 6. Be2 d5 7. e5 b6 8. b4
Ne7 9. O-O Nc6 10. Bb5 Bd7 11. Bxc6 Bxc6 12. a4 a6 13. Be3 b5 14. a5 Qc7 15.
Nd2 Be7 16. Nf3 Rc8 17. Qg4 g6 18. c3 Bd7 19. Bd4 Qc4 20. Qf4 O-O 21. Rfe1 f5
22. Qh6 Rf7 23. Ng5 Bxg5 24. Qxg5 Qc7 25. f4 Qd8 26. Qg3 Rg7 27. Qf2 g5 28.
fxg5 Qxg5 29. Re3 f4 30. Rf3 Rf8 31. Rf1 Rff7 32. Qd2 Rg6 33. g3 h5 34. Kh1 h4
35. gxf4 Rxf4 36. Rxf4 h3 37. Rf8+ Kg7 38. R1f7+ Kh6 39. Rh8# 1-0

[Event "FSV-ch 2015"]
[Site "Dortmund"]
[Date "2015.03.19"]
[Round "1.8"]
[White "Winkler, Harald"]
[Black "Hillebrand, Carsten"]
[Result "0-1"]
[WhiteElo "1253"]
[BlackElo "1858"]
[PlyCount "110"]
[EventDate "2015.??.??"]
[WhiteTeam "FSV"]
[BlackTeam "FSV"]

1. e4 c5 2. Nf3 Nc6 3. Bb5 g6 4. Bxc6 dxc6 5. d3 Bg7 6. O-O e5 7. c3 Ne7 8. a3
a5 9. b3 O-O 10. c4 Qd6 11. Bb2 Rd8 12. Ne1 Be6 13. Qe2 Rd7 14. Nc3 b6 15. Rd1
Rad8 16. Bc1 Nc8 17. Be3 Qe7 18. Rd2 f5 19. f3 f4 20. Bf2 Bh6 21. Nc2 g5 22.
Rfd1 Qg7 23. Rb1 Kh8 24. Nd1 Nd6 25. Nb2 g4 26. Bh4 Rg8 27. Rdd1 gxf3 28. Qf2
Qxg2+ 29. Qxg2 Rxg2+ 30. Kh1 Rxc2 31. Rf1 Bh3 32. Rf2 Rxf2 33. Bxf2 Nc8 34. Rc1
Bg5 35. Rc2 Kg8 36. Be1 Kf7 37. Kg1 Ke6 38. Bf2 Rg7 39. Kh1 Be7 40. Be1 Bg2+
41. Kg1 f2+ 42. Kxf2 Bh3 43. Ke2 Rg2+ 44. Kd1 Bg4+ 45. Kc1 Rg1 46. Kd2 Rh1 47.
Kc3 Rxe1 48. Rd2 Rc1+ 49. Rc2 Rg1 50. Rd2 Bh4 51. Kc2 Be1 52. Kc1 Bxd2+ 53.
Kxd2 Rg2+ 54. Kc3 Rxb2 55. Kxb2 f3 0-1

[Event "FSV-ch 2015"]
[Site "Dortmund"]
[Date "2015.03.19"]
[Round "1.9"]
[White "Jost, Udo"]
[Black "Maffei, Hendrik"]
[Result "1-0"]
[WhiteElo "1827"]
[BlackElo "1231"]
[PlyCount "31"]
[EventDate "2015.??.??"]
[WhiteTeam "FSV"]
[BlackTeam "FSV"]

1. c4 e6 2. a3 Bc5 3. d4 Be7 4. Nf3 c5 5. Nc3 Nf6 6. e3 d5 7. Qc2 b6 8. cxd5
exd5 9. Ne5 O-O 10. Be2 cxd4 11. exd4 Qc7 12. Bf4 Nc6 13. Nb5 Qd8 14. Nxc6 Qd7
15. Nxe7+ Qxe7 16. Bd6 1-0

[Event "FSV-ch 2015"]
[Site "Dortmund"]
[Date "2015.03.19"]
[Round "1.10"]
[White "Schlettig, Achim"]
[Black "Bommert, Christian"]
[Result "0-1"]
[WhiteElo "1238"]
[BlackElo "1769"]
[PlyCount "84"]
[EventDate "2015.??.??"]
[WhiteTeam "FSV"]
[BlackTeam "FSV"]

1. d4 f5 2. c4 Nf6 3. Nc3 g6 4. Nf3 Bg7 5. e3 d6 6. Be2 O-O 7. O-O Qe8 8. Ng5
e5 9. Qc2 Na6 10. a3 Bd7 11. Bd2 h6 12. Nh3 c6 13. f3 Nc7 14. Nf2 Rd8 15. Rad1
Ne6 16. dxe5 dxe5 17. Nd3 Nh5 18. Qb3 Bc8 19. c5 Kh7 20. Qc2 f4 21. Ne4 fxe3
22. Bxe3 Nd4 23. Bxd4 exd4 24. Nd6 Qe3+ 25. Rf2 Bf5 26. Nxf5 Rxf5 27. g4 Rg5
28. Kh1 Nf4 29. Bf1 Rf8 30. Re1 Nxd3 31. Rxe3 Nxf2+ 32. Qxf2 dxe3 33. Qxe3 Re5
34. Qf2 Rfe8 35. Kg2 Re1 36. Bd3 Ra1 37. Qc2 Re6 38. h4 Ra2 39. Kg3 Rxb2 40.
Qc4 Re1 41. h5 Be5+ 42. f4 Re3+ 0-1

[Event "FSV-ch 2015"]
[Site "Dortmund"]
[Date "2015.03.19"]
[Round "1.11"]
[White "Schütz, Ralf"]
[Black "Wenzel, Jakoba"]
[Result "1-0"]
[WhiteElo "1733"]
[BlackElo "1202"]
[PlyCount "41"]
[EventDate "2015.??.??"]
[WhiteTeam "61515"]
[BlackTeam "FSV"]

1. e4 e5 2. Nf3 Nc6 3. d4 d6 4. dxe5 dxe5 5. Qxd8+ Nxd8 6. Nxe5 f6 7. Nc4 Bc5
8. Be3 Ne6 9. Nbd2 b6 10. Nb3 Bb7 11. Nxc5 bxc5 12. Bd3 a5 13. O-O Ne7 14. f4
Nc6 15. c3 Ba6 16. Rfd1 O-O 17. f5 Ne5 18. Nxe5 fxe5 19. fxe6 Rfd8 20. Bxa6
Rxd1+ 21. Rxd1 1-0

[Event "FSV-ch 2015"]
[Site "Dortmund"]
[Date "2015.03.19"]
[Round "1.12"]
[White "Pauli, Helmut"]
[Black "Boeck, Matthias"]
[Result "0-1"]
[WhiteElo "1186"]
[BlackElo "1668"]
[PlyCount "50"]
[EventDate "2015.??.??"]
[WhiteTeam "FSV"]
[BlackTeam "FSV"]

1. d4 f5 2. c4 g6 3. e3 Bg7 4. Nc3 Nf6 5. Nf3 O-O 6. h3 d6 7. Be2 Qe8 8. O-O e5
9. dxe5 dxe5 10. Qb3 c6 11. Rd1 h6 12. Qc2 g5 13. b3 e4 14. Nd4 a6 15. Ba3 Rf7
16. Qb1 Nfd7 17. Bb2 Ne5 18. Nc2 g4 19. h4 Bf6 20. g3 Rg7 21. Na3 Nbd7 22. Na4
b5 23. Nc3 b4 24. Nc2 bxc3 25. Bxc3 Nf3+ 0-1

[Event "FSV-ch 2015"]
[Site "Dortmund"]
[Date "2015.03.19"]
[Round "1.13"]
[White "Dieckmann, Rudolf"]
[Black "Heinz, Hans-Werner"]
[Result "1-0"]
[WhiteElo "1665"]
[BlackElo "1178"]
[PlyCount "71"]
[EventDate "2015.??.??"]
[WhiteTeam "FSV"]
[BlackTeam "61722"]

1. d4 d5 2. c4 c6 3. Nc3 e6 4. c5 Nf6 5. g3 Be7 6. Bg2 h6 7. e4 O-O 8. Nge2 b5
9. e5 Nh7 10. a3 a5 11. Bd2 g5 12. f4 Nd7 13. Bh3 f5 14. g4 Nb8 15. Qc2 Rf7 16.
gxf5 exf5 17. O-O-O g4 18. Bg2 b4 19. Nb1 bxa3 20. Nxa3 Ra7 21. Rdg1 Rb7 22. h3
h5 23. Qa4 Ra7 24. Nc2 Qc7 25. hxg4 hxg4 26. Rh6 Rg7 27. Rgh1 Bf8 28. Ng3 Rf7
29. R6h2 Be7 30. Ne3 Be6 31. Nexf5 Bxf5 32. Nxf5 Qc8 33. Nh6+ Kf8 34. Nxf7 Kxf7
35. Rxh7+ Ke6 36. R1h6+ 1-0

[Event "FSV-ch 2015"]
[Site "Dortmund"]
[Date "2015.03.19"]
[Round "1.14"]
[White "Wangrin, Stefan A"]
[Black "Rauschenbusch, Udo"]
[Result "0-1"]
[WhiteElo "1183"]
[BlackElo "1618"]
[PlyCount "85"]
[EventDate "2015.??.??"]
[WhiteTeam "FSV"]
[BlackTeam "FSV"]

1. e4 b6 2. d4 Bb7 3. d5 Nf6 4. f3 e6 5. c4 exd5 6. cxd5 Bb4+ 7. Nc3 Qe7 8. a3
Bxc3+ 9. bxc3 Nxd5 10. Qd4 O-O 11. Bb2 c5 12. Qf2 Nc6 13. Qg3 Ne3 14. c4 Nc2+
15. Kd2 N6d4 16. Ne2 Nxa1 17. Nxd4 cxd4 18. Bxa1 Qxa3 19. Bxd4 f6 20. e5 Qa5+
21. Ke3 fxe5 22. Bxe5 Qc5+ 23. Bd4 Qe7+ 24. Qe5 Qxe5+ 25. Bxe5 Rfe8 26. Kd4 a5
27. Bd3 d6 28. Bf4 a4 29. Bb1 Re2 30. Be4 Bxe4 31. fxe4 a3 32. Bxd6 a2 33. Kd3
Rb2 34. Rc1 Rb1 35. Rc3 a1=Q 36. c5 Rd1+ 37. Kc4 b5+ 38. Kxb5 Qxc3 39. Kc6
Rxd6+ 40. Kxd6 Rc8 41. e5 Qxc5+ 42. Ke6 Re8+ 43. Kd7 0-1

[Event "FSV-ch 2015"]
[Site "Dortmund"]
[Date "2015.03.19"]
[Round "1.15"]
[White "Zhang, Jingfu"]
[Black "Böckmann, Lieselotte"]
[Result "1-0"]
[WhiteElo "1590"]
[BlackElo "1078"]
[PlyCount "91"]
[EventDate "2015.??.??"]
[WhiteTeam "HNS"]
[BlackTeam "FSV"]

1. e4 e6 2. d3 d5 3. Nd2 c5 4. Ngf3 Nf6 5. Be2 Nc6 6. O-O Bd6 7. Re1 O-O 8. c3
b5 9. Bf1 Bc7 10. e5 Ng4 11. d4 cxd4 12. cxd4 a6 13. h3 Nh6 14. Nb3 Nf5 15. Bg5
Qe8 16. g4 Nfe7 17. Rc1 Bd8 18. h4 h6 19. Bf4 Ng6 20. Bg3 f6 21. h5 Nh8 22. a3
f5 23. Bh3 f4 24. Bh4 Bxh4 25. Nxh4 a5 26. Qc2 Bd7 27. Qd3 a4 28. Nc5 Rc8 29.
Nxd7 Qxd7 30. Rc5 Na5 31. Qxb5 Qxb5 32. Rxb5 Nb3 33. Rb4 f3 34. g5 Rce8 35.
gxh6 gxh6 36. Re3 Nd2 37. Rd3 Kh7 38. Rxd2 Rg8+ 39. Kf1 Rg5 40. Nxf3 Rxh5 41.
Bg2 Ng6 42. Rb7+ Kh8 43. Rc2 Kg8 44. Rcc7 Ne7 45. Rxe7 Rxe7 46. Rxe7 1-0

[Event "FSV-ch 2015"]
[Site "Dortmund"]
[Date "2015.??.09"]
[Round "1.17"]
[White "Wickenfeld, Udo"]
[Black "Vogt, Christian"]
[Result "1/2-1/2"]
[WhiteElo "1393"]
[BlackElo "1511"]
[Annotator "Schulenburg,Pit"]
[PlyCount "108"]
[EventDate "2015.??.??"]
[WhiteTeam "61701"]
[BlackTeam "HNS"]

1. d4 Nf6 2. c4 e6 3. Nc3 Bb4 4. Qc2 b6 5. Nf3 Bb7 6. a3 Be4 7. Qb3 Ba5 8. Bd2
Bg6 9. e3 O-O 10. Be2 Bxc3 11. Bxc3 Ne4 12. O-O Nxc3 13. Qxc3 d6 14. Rac1 Nd7
15. b4 c5 16. dxc5 dxc5 17. Rfd1 Qc7 18. b5 h6 19. Rd2 Nf6 20. Qe5 Qe7 21. h3
Ne4 22. Rdd1 Qf6 23. Qxf6 Nxf6 24. Ne5 Be4 25. Bd3 Rfd8 26. Bxe4 Nxe4 27. Nd7
f6 28. Rd3 Kf7 29. Rcd1 Ke7 30. f3 Ng5 31. Kf2 Rac8 32. Kg3 Rc7 33. Nxc5 Rxd3
34. Nxd3 Rxc4 35. h4 Nf7 36. Nb4 Nd8 37. e4 Rc5 38. a4 Rc4 39. Na6 Nb7 40. Nb8
Nc5 41. Nc6+ Kf7 42. Nxa7 Rxa4 43. Nc8 Ra3 44. Re1 Rb3 45. Kh3 Nd3 46. Ra1 Nf4+
47. Kg3 e5 48. Ra6 h5 49. Rxb6 Rb2 50. Nd6+ Kg6 51. Kh2 Rxg2+ 52. Kh1 Rd2 53.
Nf5 Rd1+ 54. Kh2 Rd2+ {(=)} 1/2-1/2

[Event "FSV-ch 2015"]
[Site "Dortmund"]
[Date "2015.03.26"]
[Round "2.1"]
[White "Boeck, Matthias"]
[Black "Zelt, Jens"]
[Result "0-1"]
[WhiteElo "1668"]
[BlackElo "1998"]
[Annotator "Schulenburg,Pit"]
[PlyCount "104"]
[EventDate "2015.??.??"]
[WhiteTeam "FSV"]
[BlackTeam "HNS"]

1. f4 g6 2. Nf3 Bg7 3. g3 Nh6 4. Bg2 O-O 5. O-O c6 6. e4 d6 7. h3 f5 8. e5 Nf7
9. d4 Qb6 10. Kh2 d5 11. b3 Be6 12. Ba3 Re8 13. h4 Nd7 14. Ng5 Nxg5 15. hxg5 a5
16. Nc3 Qc7 17. Na4 b6 18. Bf3 Rac8 19. Rc1 Bf8 20. g4 Red8 21. Rh1 b5 22. Nc5
Nxc5 23. Bxc5 Qd7 24. gxf5 Bxf5 25. Bb6 Re8 26. Bxa5 Ra8 27. b4 e6 28. Qe2 Qa7
29. c3 c5 30. Qd2 Rec8 31. Be2 Rcb8 32. Kg3 {(=)} Rb7 33. Rh2 Rc8 34. a3 cxd4
35. cxd4 Rxc1 36. Qxc1 Qxd4 37. Qc6 Qe3+ 38. Bf3 Rf7 39. Bb6 Qxa3 40. Bc5 Qc1
41. Rf2 d4 42. Qxb5 d3 43. Bd6 Qe1 44. Qa4 Qe3 45. b5 Bxd6 46. exd6 e5 47. Kg2
e4 48. d7 exf3+ 49. Rxf3 Qe2+ 50. Rf2 Qg4+ 51. Kh1 Qh3+ 52. Kg1 Bxd7 0-1

[Event "FSV-ch 2015"]
[Site "Dortmund"]
[Date "2015.03.26"]
[Round "2.2"]
[White "Lauche, Christoph"]
[Black "Dieckmann, Rudolf"]
[Result "0-1"]
[WhiteElo "1913"]
[BlackElo "1665"]
[PlyCount "46"]
[EventDate "2015.??.??"]
[WhiteTeam "FSV"]
[BlackTeam "FSV"]

1. e4 c5 2. b4 cxb4 3. a3 e6 4. axb4 Bxb4 5. Bb2 f6 6. Qh5+ g6 7. Qf3 Nc6 8.
Na3 d5 9. exd5 exd5 10. Nb5 Kf7 11. Ne2 Bf5 12. Qb3 Nge7 13. Nbd4 Re8 14. h3
Nxd4 15. Bxd4 Nc6 16. Bb2 Re7 17. g4 Be6 18. Qf3 d4 19. Qg3 Bc4 20. Kd1 d3 21.
Nc3 dxc2+ 22. Kxc2 Nd4+ 23. Kb1 Re1+ 0-1

[Event "FSV-ch 2015"]
[Site "Dortmund"]
[Date "2015.03.26"]
[Round "2.3"]
[White "Rauschenbusch, Udo"]
[Black "Begna, Bozidar"]
[Result "0-1"]
[WhiteElo "1618"]
[BlackElo "1903"]
[Annotator "Schulenburg,Pit"]
[PlyCount "62"]
[EventDate "2015.??.??"]
[WhiteTeam "FSV"]
[BlackTeam "HNS"]

1. d4 Nf6 2. Nf3 c5 3. c3 e6 4. Bf4 Qb6 5. Qc2 Nc6 6. e3 d6 7. Bd3 Bd7 8. Nbd2
cxd4 9. Nc4 Qc7 10. exd4 Rc8 11. h3 b5 12. Ne3 b4 13. O-O bxc3 14. bxc3 Be7 15.
Rab1 O-O 16. Rfd1 Rb8 17. Bh2 h6 18. Nd2 {(=)} e5 19. Nb3 Be6 20. Nf5 Rfc8 21.
Qd2 Bf8 22. Rdc1 e4 23. Ba6 Bxf5 24. Bxc8 Qxc8 25. Rb2 a5 26. a4 Be6 27. Rcb1
Bc4 28. g4 Qe6 29. Nc1 Rxb2 30. Rxb2 Nd5 31. Bf4 h5 0-1

[Event "FSV-ch 2015"]
[Site "Dortmund"]
[Date "2015.03.26"]
[Round "2.4"]
[White "Zachos, Ingo"]
[Black "Zhang, Jingfu"]
[Result "1-0"]
[WhiteElo "1900"]
[BlackElo "1590"]
[PlyCount "67"]
[EventDate "2015.??.??"]
[WhiteTeam "EIC"]
[BlackTeam "HNS"]

1. Nf3 c5 2. g3 g6 3. Bg2 Bg7 4. O-O Nc6 5. c4 e5 6. d3 Nge7 7. Nc3 d6 8. Bg5
h6 9. Bxe7 Nxe7 10. Ne1 O-O 11. Nc2 Rb8 12. Ne3 a6 13. a4 Bd7 14. Rb1 Re8 15.
Ned5 Nxd5 16. Nxd5 f5 17. b4 b6 18. Qb3 e4 19. Qa3 Bd4 20. e3 cxb4 21. Qxb4 Bc5
22. Qb2 exd3 23. Nf6+ Kf7 24. Nxe8 Qxe8 25. a5 Be6 26. axb6 Rxb6 27. Qc3 Rxb1
28. Rxb1 d2 29. Rb7+ Bd7 30. Bd5+ Ke7 31. Qxd2 Kf6 32. Qc3+ Kg5 33. h4+ Kg4 34.
Kg2 1-0

[Event "FSV-ch 2015"]
[Site "Dortmund"]
[Date "2015.03.26"]
[Round "2.5"]
[White "Mokros, Jürgen"]
[Black "Grube, Jörg"]
[Result "0-1"]
[WhiteElo "1577"]
[BlackElo "1896"]
[PlyCount "58"]
[EventDate "2015.??.??"]
[WhiteTeam "FSV"]
[BlackTeam "FSV"]

1. d4 Nf6 2. Bg5 d5 3. Nd2 Nbd7 4. e3 c6 5. f4 Qb6 6. Rb1 e6 7. Ngf3 c5 8. c3
Ng4 9. Qe2 f6 10. Bh4 Bd6 11. h3 Nh6 12. Bg3 O-O 13. Bh2 Re8 14. Qb5 Nf5 15.
Qxb6 axb6 16. Kf2 Rxa2 17. g4 Ne7 18. Be2 Nb8 19. g5 Nbc6 20. gxf6 gxf6 21. Bd3
Kh8 22. h4 Rf8 23. Ke2 Bd7 24. Kd1 Be8 25. Kc2 Bh5 26. Kc1 Bg4 27. Rg1 h5 28.
Bg3 Nf5 29. Bf2 cxd4 0-1

[Event "FSV-ch 2015"]
[Site "Dortmund"]
[Date "2015.03.26"]
[Round "2.6"]
[White "Bommert, Christian"]
[Black "Brendemühl, Bernd"]
[Result "0-1"]
[WhiteElo "1769"]
[BlackElo "1844"]
[Annotator "Schulenburg,Pit"]
[PlyCount "168"]
[EventDate "2015.??.??"]
[WhiteTeam "FSV"]
[BlackTeam "FSV"]

1. b4 e5 2. Bb2 d6 3. c4 Nf6 4. e3 Be7 5. Be2 O-O 6. Nc3 c6 7. d3 d5 8. cxd5
cxd5 9. a3 a5 10. b5 Bd6 11. Nf3 Nbd7 12. O-O b6 13. Nh4 Nc5 14. Na4 Bd7 15.
Nxc5 bxc5 16. a4 Qe7 17. Nf3 Rfd8 18. Rc1 Bg4 19. Rc2 e4 20. Ne1 exd3 21. Qxd3
Bxe2 22. Qxe2 Ne4 23. Qd3 Qh4 24. Nf3 Qh5 25. h3 Rab8 26. Rd1 Bc7 27. Qf1 Rd7
28. Nd2 Rbd8 29. Nxe4 dxe4 30. Rxd7 Rxd7 31. Rc1 Qd5 32. Rc4 f5 33. g3 Bb6 34.
Bc3 Kf7 35. Qe2 Qd1+ 36. Qxd1 Rxd1+ 37. Kg2 g6 38. Bb2 Ke6 39. g4 Kd5 40. Rc2
c4 41. Bc3 Rd3 42. gxf5 gxf5 43. Kg3 Bc7+ 44. Kg2 h5 45. Kf1 f4 46. exf4 Rxh3
47. Kg2 Rf3 48. Be5 Bxe5 49. fxe5 Kxe5 50. Rxc4 Kd5 51. Rc2 Rb3 52. Ra2 Kc5 53.
Kg1 h4 54. Kg2 Kb4 55. Ra1 h3+ 56. Kg1 Rb2 57. Kh2 Rxf2+ 58. Kxh3 e3 59. Kg3
Rf8 60. b6 Kc5 61. Ra3 Re8 62. b7 e2 63. Ra1 Kc6 64. b8=Q Rxb8 65. Kf2 Re8 66.
Ke1 Re4 67. Ra2 Kc5 68. Rxe2 Rxa4 69. Rb2 Rd4 70. Ke2 a4 71. Rb8 Rd7 72. Ra8
Kb4 73. Rb8+ Kc3 74. Rc8+ Kb3 75. Rb8+ Ka2 76. Ke3 a3 77. Rb4 Rd1 78. Rb6 Rb1
79. Rc6 Rb2 80. Ra6 Rb3+ 81. Kd2 Kb2 82. Rc6 a2 83. Rc2+ Ka3 84. Rc8 a1=Q 0-1

[Event "FSV-ch 2015"]
[Site "Dortmund"]
[Date "2015.04.09"]
[Round "2.7"]
[White "Hillebrand, Carsten"]
[Black "Schütz, Ralf"]
[Result "1/2-1/2"]
[WhiteElo "1858"]
[BlackElo "1733"]
[PlyCount "102"]
[EventDate "2015.??.??"]
[WhiteTeam "FSV"]
[BlackTeam "61515"]

1. c4 e6 2. g3 Nf6 3. Bg2 d5 4. Nf3 dxc4 5. Qa4+ c6 6. Qxc4 b5 7. Qb3 Bb7 8.
O-O Nbd7 9. d3 Qb6 10. Qc2 c5 11. b3 Be7 12. Bb2 O-O 13. Nbd2 Nd5 14. a3 Bf6
15. e4 Bxb2 16. Qxb2 Ne7 17. Rab1 a6 18. Rbc1 a5 19. d4 Rfd8 20. Rfd1 Nc6 21.
Nf1 cxd4 22. Nxd4 Nce5 23. Ne2 Rac8 24. Rxc8 Rxc8 25. Qd4 Bc6 26. f4 Ng4 27.
Qxb6 Nxb6 28. Rd6 Na8 29. Nd4 Be8 30. e5 Kf8 31. h3 Nh6 32. Ra6 Nc7 33. Rxa5
Nf5 34. Nxf5 exf5 35. a4 g6 36. Ra7 Ne6 37. axb5 Bxb5 38. Ra8 Rxa8 39. Bxa8 g5
40. Bd5 Nc7 41. Bc4 Bxc4 42. bxc4 gxf4 43. Kg2 fxg3 44. Nxg3 f4 45. Nf5 f6 46.
exf6 Kf7 47. Kf3 Ne6 48. Nd6+ Kxf6 49. h4 Ke5 50. Nf7+ Kf5 51. Nd6+ Ke5 1/2-1/2

[Event "FSV-ch 2015"]
[Site "Dortmund"]
[Date "2015.03.26"]
[Round "2.8"]
[White "Vogt, Christian"]
[Black "Jost, Udo"]
[Result "0-1"]
[WhiteElo "1511"]
[BlackElo "1827"]
[PlyCount "62"]
[EventDate "2015.??.??"]
[WhiteTeam "HNS"]
[BlackTeam "FSV"]

1. d4 Nf6 2. Nf3 b5 3. e3 a6 4. Be2 Bb7 5. c3 d6 6. Nbd2 Nbd7 7. Qc2 e5 8. Bd3
c5 9. dxe5 dxe5 10. O-O Qc7 11. Ng5 Be7 12. c4 Ng4 13. Ngf3 g6 14. Be4 f5 15.
Bxb7 Qxb7 16. e4 f4 17. b3 h5 18. Bb2 Bf6 19. Nb1 b4 20. Nbd2 g5 21. Qd3 Ke7
22. h3 Nh6 23. Qd5 Qc7 24. a3 g4 25. hxg4 hxg4 26. Nh2 Nb6 27. Qd3 Rh7 28. f3
g3 29. Ng4 Nxg4 30. fxg4 Rah8 31. Nf3 Rh1# 0-1

[Event "FSV-ch 2015"]
[Site "Dortmund"]
[Date "2015.03.26"]
[Round "2.9"]
[White "Röll, Uwe"]
[Black "Benke, Werner"]
[Result "0-1"]
[WhiteElo "1377"]
[BlackElo "1405"]
[PlyCount "76"]
[EventDate "2015.??.??"]
[WhiteTeam "FSV"]
[BlackTeam "HNS"]

1. d4 d5 2. c4 e6 3. cxd5 exd5 4. Nf3 Nf6 5. Nc3 Be7 6. Bf4 Bd6 7. Bg5 Be7 8.
Bxf6 Bxf6 9. e3 O-O 10. Bd3 Be6 11. O-O g6 12. Re1 Bg7 13. Rc1 Nd7 14. h3 Nf6
15. Ne5 Rc8 16. f4 c5 17. g4 Nd7 18. Qf3 Qh4 19. Kg2 Nxe5 20. fxe5 cxd4 21.
exd4 Rfd8 22. Nb5 a6 23. Nd6 Rxc1 24. Rxc1 Qe7 25. Rc5 f6 26. Rxd5 fxe5 27.
dxe5 Rf8 28. Qe4 Qh4 29. Nf5 gxf5 30. gxf5 Qxe4+ 31. Bxe4 Bxf5 32. Bxf5 Rxf5
33. Rd8+ Rf8 34. Rd7 Bxe5 35. Rxb7 Rf6 36. b3 Bd4 37. a4 Rb6 38. Rd7 Bc3 0-1

[Event "FSV-ch 2015"]
[Site "Dortmund"]
[Date "2015.03.26"]
[Round "2.10"]
[White "Melmer, Felix"]
[Black "Pauli, Helmut"]
[Result "1-0"]
[WhiteElo "1901"]
[BlackElo "1186"]
[Annotator "Schulenburg,Pit"]
[PlyCount "57"]
[EventDate "2015.??.??"]
[WhiteTeam "61117"]
[BlackTeam "FSV"]

1. d4 d5 2. Bg5 Bf5 3. e3 Nd7 4. c4 c6 5. Nc3 Ngf6 6. Nf3 Qb6 7. Qc1 e6 8. c5
Qc7 9. Be2 Be7 10. O-O Ng4 11. Bf4 Qd8 12. h3 Ngf6 13. b4 Ne4 14. Nd2 Nxc3 15.
Qxc3 Nf6 16. f3 h6 17. b5 O-O 18. bxc6 bxc6 19. Ba6 Qd7 20. Nb3 Bd8 21. Bd6 Re8
22. Na5 Bc7 23. Bxc7 Qxc7 24. Bb7 Rab8 25. Bxc6 Red8 26. Ba4 Qg3 {(=)} 27. Qe1
Qxe1 28. Rfxe1 Bd3 29. Nc6 1-0

[Event "FSV-ch 2015"]
[Site "Dortmund"]
[Date "2015.03.26"]
[Round "2.11"]
[White "Zabel, Reinhard"]
[Black "Wangrin, Stefan A"]
[Result "1-0"]
[WhiteElo "1509"]
[BlackElo "1183"]
[PlyCount "145"]
[EventDate "2015.??.??"]
[WhiteTeam "DBB"]
[BlackTeam "FSV"]

1. e4 e5 2. Nf3 Nc6 3. Bb5 Nge7 4. Bxc6 Nxc6 5. d4 d5 6. Nxe5 Qh4 7. Qf3 Qxe4+
8. Qxe4 dxe4 9. Nxc6 bxc6 10. Bf4 Bd6 11. Bg3 Rb8 12. b3 O-O 13. Nd2 f5 14. Be5
Rb7 15. Nc4 Bb4+ 16. Ke2 f4 17. h3 f3+ 18. Ke3 fxg2 19. Rhg1 Bxh3 20. Rac1 Rf3+
21. Ke2 Rb8 22. a3 Rbf8 23. Bg3 Bd6 24. Ne5 Bxe5 25. dxe5 Bg4 26. Ke1 e3 27.
Rxg2 exf2+ 28. Bxf2 Be6 29. Rd1 Bd5 30. Rh2 R8f5 31. Bd4 Bf7 32. Rdd2 Rf1+ 33.
Ke2 R1f4 34. c4 Bh5+ 35. Kd3 Bg6 36. Kc3 a5 37. Rhe2 Rf3+ 38. Kb2 R5f4 39. e6
Bd3 40. e7 Bg6 41. e8=Q+ Bxe8 42. Rxe8+ Kf7 43. Ree2 h5 44. Rg2 g6 45. Be5 Re4
46. Rgf2 Rf5 47. Rxf5+ gxf5 48. Bxc7 a4 49. c5 f4 50. Rf2 f3 51. Rxf3+ Kg6 52.
Rg3+ Kf5 53. Bd8 Re2+ 54. Kc3 Rh2 55. bxa4 h4 56. Rg8 h3 57. a5 Rg2 58. Rh8 Kg4
59. Bc7 Rg1 60. a6 Rc1+ 61. Kb4 Rb1+ 62. Ka4 Rb5 63. a7 Rxc5 64. a8=Q Rc4+ 65.
Kb3 Rc5 66. Qf8 Rb5+ 67. Ka4 Rf5 68. Rg8+ Kf3 69. Qxf5+ Ke3 70. Re8+ Kd4 71.
Re4+ Kd3 72. Qf3+ Kd2 73. Re2+ 1-0